| 000 | 00903nam a22002777a 4500 | ||
|---|---|---|---|
| 001 | 7424 | ||
| 003 | FISKH | ||
| 005 | 20250714161253.0 | ||
| 008 | 250714b cb ||||| |||| 00| 0 eng d | ||
| 020 | _a9780747546290 | ||
| 040 |
_aFISKH _beng _cFISKH _dFISKH |
||
| 050 | _aPR6068.O93 | ||
| 082 | _a823.914 | ||
| 100 | _aRowling, J.K. | ||
| 245 |
_aHarry Potter and the prisoner of Azkaban / _cBy J.K. Rowling |
||
| 260 |
_aLondon : _bBloomsbury , _c1999. |
||
| 300 |
_a317 pages : _billustrations ; _c19 cm . |
||
| 490 |
_aHarry Potter _v3 |
||
| 505 | _aR | ||
| 520 | _aDuring his third year at Hogwarts School for Witchcraft and Wizardry, Harry Potter must confront the devious and dangerous wizard responsible for his parents' deaths. | ||
| 521 | 8 |
_a780
_bLexile estimate |
|
| 521 | 8 |
_aR
_bRaz-Plus |
|
| 648 |
_aAdventure _vFiction |
||
| 942 |
_2ddc _cBK _n0 |
||
| 999 |
_c7424 _d7424 |
||